| 000 | 00382cam a22001337a 4500 | ||
|---|---|---|---|
| 008 | 180718b1989 xxu||||| |||| 00| 0 eng d | ||
| 082 | _aQ45 Si45 | ||
| 245 |
_aYouth in the contemporary world _cedited by Yedla C. Simhadri |
||
| 260 |
_aDelhi _bMittal _c1989 |
||
| 300 | _a351p. | ||
| 650 | _aYouth --India --Congresses | ||
| 650 | _aYouth --Congresses | ||
| 700 | _aSimhadri, Yedla C. | ||
| 999 |
_c352901 _d352901 |
||